000
00330nam a2200121 a 4500
005
20140414131856.0
008
100828s19uu xx 00 eng d
050
_a
FIL
_b
D15 1989
100
_a
245
_a
Dalawang dagang bulag :
_b
Sa kanilang paglalagalag.
260
_a
Manila, Philippines :
_b
Adarna,
_c
1980.
999
_c
110452
_d
110452